| 000 | 01046cab a2200277 4500 | ||
|---|---|---|---|
| 001 | ABS57153 | ||
| 008 | 090401t1997 xxu||||| |||| 00| 0 eng d | ||
| 035 | _a(Sirsi) u79122 | ||
| 041 | _aeng | ||
| 100 | _aWatts, R. | ||
| 245 | _aCounting the true cost of dilapidations | ||
| 260 | _c1997 | ||
| 350 | _a0 | ||
| 490 |
_aCSM (Chartered Surveyor Monthly) _v6(9) June 1997, 34-35(2) |
||
| 520 | _aReviews the problems which can be associated with loss of rent in dilapidation claims in the light of the cases "Shortlands Investments Ltd v Cargill plc" and "Scottish Amicable Life Assurance Society v British Telecommunications plc". | ||
| 650 |
_aDilapidations _96235 |
||
| 650 | _aLANDLORD AND TENANT ACT 1927 S18(1) | ||
| 650 | _aLOSS OF RENT | ||
| 650 | _aSCOTTISH AMICABLE LIFE ASSURANCE SOCIETY V BRITISH TELECOMMUNICATIONS | ||
| 650 | _aSHORTLANDS INVESTMENTS LTD V CARGILL PLC | ||
| 650 | _aSTATUTORY CAP | ||
| 690 | _aLANDLORD AND TENANT-BUSINESS TENANCIES | ||
| 700 | _aWoodman, J. | ||
| 942 | _n0 | ||
| 948 | _c23/06/1997 | ||
| 999 |
_c49728 _d49728 |
||